[Event "Montreal op"]
[Site "Montreal CAN"]
[Date "2005.07.20"]
[Round "4"]
[White "Fernandez, Lautaro"]
[Black "Trahan, Daniel"]
[Result "1-0"]
[WhiteElo "2120"]
[BlackElo "1999"]
[PlyCount "101"]
[GameId "2160767910901173"]
[EventDate "2005.07.15"]
[EventType "swiss"]
[EventRounds "9"]
[EventCountry "CAN"]
[SourceTitle "EXT 2007"]
[Source "ChessBase"]
[SourceDate "2006.11.23"]
[SourceVersion "1"]
[SourceVersionDate "2006.11.23"]
[SourceQuality "1"]

1. e4 c5 2. Nf3 d6 3. d4 cxd4 4. Nxd4 Nf6 5. Nc3 a6 6. Bg5 e6 7. f4 Qb6 8. Nb3 Nbd7 9. Qf3 Qc7 10. Bd3 b5 11. O-O-O Bb7 12. Rhe1 Be7 13. Nd4 b4 14. Nd5 Nxd5 15. exd5 Bxd5 16. Qxd5 exd5 17. Bxe7 Ne5 18. Nf5 Nxd3+ 19. Rxd3 Qc6 20. Nxd6+ Kd7 21. Nxf7 Qb7 22. Nxh8 Rxh8 23. Re5 Kc8 24. Bd6 Qb6 25. Rexd5 Qg1+ 26. Rd1 Qe3+ 27. Kb1 Rd8 28. b3 g6 29. Kb2 Kb7 30. g4 Qf3 31. g5 Qc3+ 32. Kb1 Qf3 33. R1d3 Qf1+ 34. Kb2 Rxd6 35. Rxd6 Qxf4 36. R3d4 Qxg5 37. Rxb4+ Kc7 38. Rdd4 Qe5 39. h4 h6 40. Rbc4+ Kb7 41. a4 a5 42. Ka2 g5 43. hxg5 hxg5 44. Rd2 Kb6 45. Rg2 Kb7 46. Rcg4 Kc6 47. Rxg5 Qc3 48. R5g4 Kd6 49. Rc4 Qe3 50. Rgg4 Qc1 51. Rg6+ 1-0

[Event "Montreal op"]
[Site "Montreal CAN"]
[Date "2005.07.20"]
[Round "4"]
[White "Malette, Martin"]
[Black "Jodoin, Pierre"]
[Result "1-0"]
[WhiteElo "2043"]
[BlackElo "1761"]
[PlyCount "85"]
[GameId "2160767910901175"]
[EventDate "2005.07.15"]
[EventType "swiss"]
[EventRounds "9"]
[EventCountry "CAN"]
[SourceTitle "EXT 2007"]
[Source "ChessBase"]
[SourceDate "2006.11.23"]
[SourceVersion "1"]
[SourceVersionDate "2006.11.23"]
[SourceQuality "1"]

1. d4 d5 2. Nf3 Nf6 3. g3 c6 4. Bg2 Bf5 5. O-O e6 6. b3 Nbd7 7. c4 Be7 8. Ba3 Bxa3 9. Nxa3 Qe7 10. Nc2 O-O 11. Ne3 Bg6 12. Qd2 Ne4 13. Qb2 Ndf6 14. Ne5 Rad8 15. c5 Nd7 16. b4 Nef6 17. Rfc1 Nxe5 18. dxe5 Nd7 19. Rd1 f6 20. exf6 Qxf6 21. Qxf6 gxf6 22. Rd2 f5 23. Nc2 e5 24. e3 Nf6 25. f4 exf4 26. exf4 Ne4 27. Bxe4 fxe4 28. Kf2 Bf5 29. Ke3 Kf7 30. Kd4 Rfe8 31. Ne3 Kf6 32. g4 Bc8 33. Rg1 Rg8 34. Rdg2 h6 35. Nd1 Rde8 36. Ne3 Bd7 37. f5 Re7 38. h4 Reg7 39. a3 a6 40. g5+ hxg5 41. Ng4+ Kf7 42. Ne5+ Ke8 43. hxg5 1-0

[Event "Montreal op"]
[Site "Montreal CAN"]
[Date "2005.07.20"]
[Round "4"]
[White "Noble, Matthew"]
[Black "Tessier, Olivier"]
[Result "1-0"]
[WhiteElo "2368"]
[BlackElo "2136"]
[PlyCount "75"]
[GameId "2160767910901176"]
[EventDate "2005.07.15"]
[EventType "swiss"]
[EventRounds "9"]
[EventCountry "CAN"]
[SourceTitle "EXT 2007"]
[Source "ChessBase"]
[SourceDate "2006.11.23"]
[SourceVersion "1"]
[SourceVersionDate "2006.11.23"]
[SourceQuality "1"]

1. c4 f5 2. Nf3 g6 3. g3 Bg7 4. d4 c5 5. e3 Nf6 6. Bg2 d6 7. Nc3 Nbd7 8. Ng5 cxd4 9. Ne6 Qa5 10. exd4 Kf7 11. Ng5+ Kg8 12. O-O Nf8 13. Qe2 h6 14. Nf3 Qd8 15. Re1 e6 16. c5 d5 17. Ne5 Ne4 18. Nb5 a6 19. Nc3 Bxe5 20. dxe5 Nxc5 21. Bxh6 Rxh6 22. Qe3 d4 23. Qxh6 dxc3 24. bxc3 Bd7 25. Rad1 Qe8 26. Rd4 Nh7 27. Red1 Ba4 28. Rh4 Qf7 29. Rdd4 g5 30. Rh3 Bc6 31. Bxc6 bxc6 32. Rc4 Ne4 33. Rxc6 g4 34. Rh5 Re8 35. h3 gxh3 36. Rxh3 Qd7 37. Qg6+ Kh8 38. Rxh7+ 1-0

[Event "Montreal op"]
[Site "Montreal CAN"]
[Date "2005.07.20"]
[Round "4"]
[White "Ramaswamy, Kishor"]
[Black "Luksza, Arkadiusz"]
[Result "0-1"]
[WhiteElo "2079"]
[BlackElo "2173"]
[PlyCount "110"]
[GameId "2160767910901178"]
[EventDate "2005.07.15"]
[EventType "swiss"]
[EventRounds "9"]
[EventCountry "CAN"]
[SourceTitle "EXT 2007"]
[Source "ChessBase"]
[SourceDate "2006.11.23"]
[SourceVersion "1"]
[SourceVersionDate "2006.11.23"]
[SourceQuality "1"]

1. d4 Nf6 2. Nf3 e6 3. Bg5 d5 4. e3 c5 5. c3 Qb6 6. Qb3 Nc6 7. Nbd2 Be7 8. Bd3 c4 9. Qxb6 axb6 10. Bc2 b5 11. e4 h6 12. Bxf6 Bxf6 13. exd5 exd5 14. O-O b4 15. Rfe1+ Be6 16. Ne5 Bxe5 17. dxe5 d4 18. Be4 bxc3 19. bxc3 d3 20. f4 g6 21. Rab1 O-O 22. Rxb7 Rxa2 23. Nxc4 Bxc4 24. Bxc6 d2 25. Rd1 Be2 26. Rbb1 Bxd1 27. Rxd1 Rc2 28. Kf2 Rd8 29. Ke2 Rxc3 30. Bf3 Rc2 31. g3 Kf8 32. Be4 Rb2 33. Bd3 Ke7 34. Rxd2 Rxd2+ 35. Kxd2 Ra8 36. Ke3 Ra2 37. h3 Ra3 38. g4 Ke6 39. h4 Kd5 40. h5 gxh5 41. gxh5 Rb3 42. Kd2 Kd4 43. Bh7 Rb2+ 44. Bc2 Rxc2+ 45. Kxc2 Ke4 46. Kc3 Kxf4 47. Kd4 Kg5 48. Ke4 Kg4 49. Kd5 Kxh5 50. Kd6 Kg6 51. e6 fxe6 52. Kxe6 h5 53. Ke5 Kg5 54. Ke4 Kg4 55. Ke3 Kg3 0-1

[Event "Montreal op"]
[Site "Montreal CAN"]
[Date "2005.07.20"]
[Round "4"]
[White "Robichaud, Louis"]
[Black "Feoktistov, Dmitri"]
[Result "1-0"]
[WhiteElo "2158"]
[BlackElo "2234"]
[PlyCount "79"]
[GameId "2160767910901179"]
[EventDate "2005.07.15"]
[EventType "swiss"]
[EventRounds "9"]
[EventCountry "CAN"]
[SourceTitle "EXT 2007"]
[Source "ChessBase"]
[SourceDate "2006.11.23"]
[SourceVersion "1"]
[SourceVersionDate "2006.11.23"]
[SourceQuality "1"]

1. e4 c6 2. d3 d5 3. Nd2 e5 4. Ngf3 Bd6 5. g3 f5 6. Bg2 Nf6 7. O-O O-O 8. Qe2 Qe7 9. c4 fxe4 10. dxe4 Bg4 11. h3 Bh5 12. g4 Bg6 13. Nh4 Bxe4 14. Nxe4 Nxe4 15. Nf5 Rxf5 16. Bxe4 dxe4 17. gxf5 Nd7 18. Be3 Bc5 19. Rad1 Bxe3 20. Qxe3 Nf6 21. Kh2 Qf7 22. Rg1 Kh8 23. b3 Rg8 24. Rg2 Qh5 25. Rdg1 Qxf5 26. Rg5 Qd7 27. Rxe5 h6 28. Rg6 Qf7 29. Rg2 Rd8 30. Qf4 Rf8 31. Kh1 Qd7 32. Rg3 Qd4 33. Re7 Rg8 34. Rg6 Nh7 35. Rxe4 Qd1+ 36. Kg2 Ng5 37. Re7 Qh5 38. Qf5 Qh4 39. Rexg7 Re8 40. Re7 1-0

[Event "Montreal op"]
[Site "Montreal CAN"]
[Date "2005.07.20"]
[Round "4"]
[White "Robidas, Francois"]
[Black "Yao, Sammy"]
[Result "0-1"]
[WhiteElo "2125"]
[BlackElo "1862"]
[PlyCount "54"]
[GameId "2160767910901180"]
[EventDate "2005.07.15"]
[EventType "swiss"]
[EventRounds "9"]
[EventCountry "CAN"]
[SourceTitle "EXT 2007"]
[Source "ChessBase"]
[SourceDate "2006.11.23"]
[SourceVersion "1"]
[SourceVersionDate "2006.11.23"]
[SourceQuality "1"]

1. e4 c5 2. c3 Nf6 3. e5 Nd5 4. Nf3 e6 5. Bc4 Nc6 6. O-O d6 7. d4 cxd4 8. cxd4 dxe5 9. dxe5 Be7 10. Qe2 Qc7 11. Rd1 O-O 12. Bxd5 exd5 13. Nc3 d4 14. Nb5 Qb6 15. Nfxd4 Nxd4 16. Nxd4 Qg6 17. Rd3 Bg4 18. f3 Bd7 19. Be3 Rad8 20. Rc1 Bb5 21. Nxb5 Qxd3 22. Qxd3 Rxd3 23. Bxa7 Rd5 24. a4 Rxe5 25. Rc7 Re8 26. Bd4 Re1+ 27. Kf2 Bh4+ 0-1

[Event "Montreal op"]
[Site "Montreal CAN"]
[Date "2005.07.20"]
[Round "4"]
[White "Rosen, Matthew"]
[Black "Libersan, Thierry"]
[Result "0-1"]
[WhiteElo "2191"]
[BlackElo "2065"]
[PlyCount "84"]
[GameId "2160767910901181"]
[EventDate "2005.07.15"]
[EventType "swiss"]
[EventRounds "9"]
[EventCountry "CAN"]
[SourceTitle "EXT 2007"]
[Source "ChessBase"]
[SourceDate "2006.11.23"]
[SourceVersion "1"]
[SourceVersionDate "2006.11.23"]
[SourceQuality "1"]

1. Nf3 c5 2. c4 Nf6 3. Nc3 g6 4. e4 Nc6 5. d4 cxd4 6. Nxd4 d6 7. Be2 Bg7 8. Be3 O-O 9. O-O Bd7 10. f3 Rc8 11. Qd2 Ne5 12. b3 a6 13. a4 Re8 14. Rab1 Qa5 15. Rfc1 Qd8 16. Nc2 Bc6 17. b4 b6 18. b5 axb5 19. axb5 Bb7 20. Nd5 Nfd7 21. Nd4 e6 22. Nb4 Nc5 23. Nb3 Qe7 24. Bg5 f6 25. Be3 Red8 26. Rd1 Rd7 27. Nd4 d5 28. cxd5 exd5 29. Nxd5 Bxd5 30. exd5 Rxd5 31. f4 Nf7 32. Bf3 Rdd8 33. Bf2 f5 34. Qb4 Qc7 35. Nc6 Nd3 36. Qa3 Nxf2 37. Kxf2 Bf8 38. Qa4 Bc5+ 39. Kf1 Re8 40. Bd5 Re4 41. Bxe4 Qxf4+ 42. Ke2 Qe3+ 0-1

[Event "Montreal op"]
[Site "Montreal CAN"]
[Date "2005.07.20"]
[Round "4"]
[White "Rouleau, Paul"]
[Black "Cloutier, Mathieu"]
[Result "0-1"]
[WhiteElo "1919"]
[BlackElo "1950"]
[PlyCount "68"]
[GameId "2160767910901182"]
[EventDate "2005.07.15"]
[EventType "swiss"]
[EventRounds "9"]
[EventCountry "CAN"]
[SourceTitle "EXT 2007"]
[Source "ChessBase"]
[SourceDate "2006.11.23"]
[SourceVersion "1"]
[SourceVersionDate "2006.11.23"]
[SourceQuality "1"]

1. e4 c6 2. d4 d5 3. exd5 cxd5 4. c4 Nf6 5. Nc3 Nc6 6. Bf4 a6 7. h3 e6 8. Nf3 Bd6 9. Be5 dxc4 10. Bxc4 Bxe5 11. dxe5 Qxd1+ 12. Rxd1 Nd7 13. Ne4 Ncxe5 14. Nd6+ Ke7 15. Be2 Rd8 16. O-O Rb8 17. Ng5 f6 18. Nge4 f5 19. Nc3 Nb6 20. Nxc8+ Rbxc8 21. Rxd8 Rxd8 22. Rd1 Rxd1+ 23. Nxd1 Nd5 24. g3 g5 25. Ne3 Nxe3 26. fxe3 Kd6 27. Kf2 Nd7 28. Bf3 b6 29. g4 a5 30. gxf5 exf5 31. Bd1 Nc5 32. Bc2 Ke5 33. Kf3 h6 34. Bb1 Na4 0-1

[Event "Montreal op"]
[Site "Montreal CAN"]
[Date "2005.07.20"]
[Round "4"]
[White "Roy, Alain"]
[Black "Tremblay, Rejean"]
[Result "1-0"]
[WhiteElo "2117"]
[BlackElo "2223"]
[PlyCount "127"]
[GameId "2160767910901183"]
[EventDate "2005.07.15"]
[EventType "swiss"]
[EventRounds "9"]
[EventCountry "CAN"]
[SourceTitle "EXT 2007"]
[Source "ChessBase"]
[SourceDate "2006.11.23"]
[SourceVersion "1"]
[SourceVersionDate "2006.11.23"]
[SourceQuality "1"]

1. d4 Nf6 2. Bg5 c5 3. Bxf6 gxf6 4. d5 d6 5. Nc3 Bg7 6. e4 f5 7. Bd3 fxe4 8. Bxe4 Qb6 9. Rb1 Nd7 10. Nge2 Ne5 11. Ng3 Bg4 12. f3 Bd7 13. O-O O-O-O 14. b3 h5 15. Na4 Qa5 16. Bf5 b5 17. Nb2 Qxa2 18. Nd3 Nxd3 19. Qxd3 Qa6 20. Rfe1 h4 21. Bxd7+ Rxd7 22. Nf5 Bf6 23. c3 Qb6 24. Kh1 a5 25. Re4 b4 26. cxb4 axb4 27. Rbe1 Qa7 28. Qb5 Rb7 29. Qc6+ Rc7 30. Nxe7+ Bxe7 31. Rxe7 Rxc6 32. Rxa7 Rb6 33. Rxf7 c4 34. bxc4 b3 35. Ra7 b2 36. Rb1 Re8 37. Ra8+ Kd7 38. Rxe8 Kxe8 39. Kg1 Rb4 40. Kf2 Rxc4 41. Rxb2 Rd4 42. Ke3 Rxd5 43. Rd2 Rg5 44. f4 Rg8 45. Ke4 Kd7 46. Kf5 Kc6 47. Ke6 Re8+ 48. Kf7 Re1 49. f5 d5 50. f6 Kc5 51. Kg7 d4 52. f7 Rf1 53. f8=Q+ Rxf8 54. Kxf8 Kc4 55. g4 hxg3 56. hxg3 Kc3 57. Rd1 d3 58. g4 Kc2 59. Rg1 d2 60. g5 d1=Q 61. Rxd1 Kxd1 62. g6 Ke2 63. g7 Kf3 64. g8=Q 1-0

[Event "Montreal op"]
[Site "Montreal CAN"]
[Date "2005.07.20"]
[Round "4"]
[White "Voskanyan, Vahagn"]
[Black "McDonough, Jonathan"]
[Result "1-0"]
[WhiteElo "2277"]
[BlackElo "2222"]
[PlyCount "119"]
[GameId "2160767910901184"]
[EventDate "2005.07.15"]
[EventType "swiss"]
[EventRounds "9"]
[EventCountry "CAN"]
[SourceTitle "EXT 2007"]
[Source "ChessBase"]
[SourceDate "2006.11.23"]
[SourceVersion "1"]
[SourceVersionDate "2006.11.23"]
[SourceQuality "1"]

1. c4 e6 2. Nf3 d5 3. b3 Nf6 4. Bb2 Be7 5. g3 O-O 6. Bg2 Nbd7 7. O-O c6 8. d3 b5 9. Nbd2 bxc4 10. dxc4 a5 11. Rc1 Ba6 12. Qc2 a4 13. e4 axb3 14. axb3 dxc4 15. Nxc4 Rb8 16. Rfd1 Qc8 17. Nd6 Qc7 18. Nc4 Bxc4 19. bxc4 h6 20. e5 Nh7 21. h4 Rb7 22. Bc3 Ra8 23. Ra1 Rba7 24. Rxa7 Rxa7 25. Re1 c5 26. Nd2 Nb6 27. Ra1 Rxa1+ 28. Bxa1 Qa7 29. Bc3 Nf8 30. Be4 Nfd7 31. Bc6 Nf8 32. Qb3 Nbd7 33. f4 Qc7 34. Qb5 Nb8 35. Bf3 Qd8 36. Be4 Nbd7 37. Ba5 Qc8 38. Bb7 Qb8 39. Bc6 Qc8 40. Ne4 g5 41. h5 gxf4 42. gxf4 Nb8 43. Bb7 Qd7 44. Qxd7 Nbxd7 45. Bc7 f6 46. Kg2 fxe5 47. fxe5 Kf7 48. Bc6 Bh4 49. Kf3 Be1 50. Ke2 Bb4 51. Kd3 Ba3 52. Kc2 Kg7 53. Bd6 Kf7 54. Kb3 Bc1 55. Nxc5 Nb6 56. Bxf8 Kxf8 57. Nxe6+ Ke7 58. Nd4 Bf4 59. c5 Bxe5 60. Nf5+ 1-0

[Event "Montreal op"]
[Site "Montreal CAN"]
[Date "2005.07.21"]
[Round "5"]
[White "Arsenault, Nicolas"]
[Black "Bolduc, Steve"]
[Result "1-0"]
[WhiteElo "2048"]
[BlackElo "2233"]
[PlyCount "87"]
[GameId "2160767910901185"]
[EventDate "2005.07.15"]
[EventType "swiss"]
[EventRounds "9"]
[EventCountry "CAN"]
[SourceTitle "EXT 2007"]
[Source "ChessBase"]
[SourceDate "2006.11.23"]
[SourceVersion "1"]
[SourceVersionDate "2006.11.23"]
[SourceQuality "1"]

1. e4 c5 2. Nf3 d6 3. d4 cxd4 4. Nxd4 Nf6 5. Nc3 a6 6. Be3 e5 7. Nb3 Be6 8. f3 Be7 9. Qd2 O-O 10. O-O-O Qc7 11. Kb1 Nbd7 12. g4 Rfb8 13. g5 Ne8 14. h4 b5 15. h5 Nb6 16. Bxb6 Qxb6 17. g6 Nf6 18. h6 fxg6 19. hxg7 Kxg7 20. Bd3 a5 21. Nd5 Bxd5 22. exd5 Rh8 23. Qh6+ Kf7 24. Rdg1 Rag8 25. Be4 a4 26. Nc1 a3 27. Nb3 axb2 28. Qh3 Qc7 29. Qe6+ Kf8 30. Bd3 b4 31. Bb5 Bd8 32. Bc6 Qe7 33. Qc8 Nh5 34. Rg4 Nf4 35. Re1 g5 36. Nd4 Qf6 37. Qd7 Qe7 38. Qf5+ Qf6 39. Qd7 Be7 40. Rxf4 gxf4 41. Qe8+ Kg7 42. Rg1+ Kh6 43. Rh1+ Qh4 44. Nf5+ 1-0

[Event "Montreal op"]
[Site "Montreal CAN"]
[Date "2005.07.21"]
[Round "5"]
[White "Cloutier, Mathieu"]
[Black "Rosen, Matthew"]
[Result "0-1"]
[WhiteElo "1950"]
[BlackElo "2191"]
[PlyCount "62"]
[GameId "2160767910901186"]
[EventDate "2005.07.15"]
[EventType "swiss"]
[EventRounds "9"]
[EventCountry "CAN"]
[SourceTitle "EXT 2007"]
[Source "ChessBase"]
[SourceDate "2006.11.23"]
[SourceVersion "1"]
[SourceVersionDate "2006.11.23"]
[SourceQuality "1"]

1. e4 c5 2. Nf3 d6 3. d4 cxd4 4. Nxd4 Nf6 5. Nc3 a6 6. Be2 e5 7. Nb3 Be6 8. f4 Qc7 9. g4 exf4 10. g5 Nfd7 11. Bxf4 Nc6 12. Qd2 Nde5 13. Nd4 Qb6 14. Nxe6 fxe6 15. O-O-O Qb4 16. a3 Qa5 17. Be3 b5 18. Bh5+ g6 19. Qf2 Qd8 20. Be2 Be7 21. h4 Rf8 22. Qg1 Rb8 23. Rf1 b4 24. Na2 bxa3 25. b3 Qc7 26. Rxf8+ Bxf8 27. Kb1 Nb4 28. Qc1 Nxa2 29. Kxa2 Qc3 30. Rd1 Nc6 31. Bd3 d5 0-1

[Event "Montreal op"]
[Site "Montreal CAN"]
[Date "2005.07.21"]
[Round "5"]
[White "Feoktistov, Dmitri"]
[Black "Fernandez, Lautaro"]
[Result "1/2-1/2"]
[WhiteElo "2234"]
[BlackElo "2120"]
[PlyCount "46"]
[GameId "2160767910901188"]
[EventDate "2005.07.15"]
[EventType "swiss"]
[EventRounds "9"]
[EventCountry "CAN"]
[SourceTitle "EXT 2007"]
[Source "ChessBase"]
[SourceDate "2006.11.23"]
[SourceVersion "1"]
[SourceVersionDate "2006.11.23"]
[SourceQuality "1"]

1. d4 Nf6 2. c4 c5 3. d5 e6 4. Nc3 exd5 5. cxd5 d6 6. Nf3 g6 7. Nd2 Nbd7 8. Nc4 Nb6 9. e4 Nxc4 10. Bxc4 Bg7 11. O-O O-O 12. Qc2 a6 13. a4 Ne8 14. Bd3 Nc7 15. Rb1 Bd7 16. b4 cxb4 17. Rxb4 Rc8 18. Rxb7 Nxd5 19. exd5 Rxc3 20. Qd2 Bxa4 21. Bb2 Rxd3 22. Qxd3 Bxb2 23. Rxb2 Bb5 1/2-1/2

[Event "Montreal op"]
[Site "Montreal CAN"]
[Date "2005.07.21"]
[Round "5"]
[White "Gacogne, Charlie"]
[Black "Larochelle, Martial"]
[Result "0-1"]
[WhiteElo "2003"]
[BlackElo "2140"]
[PlyCount "80"]
[GameId "2160767910901189"]
[EventDate "2005.07.15"]
[EventType "swiss"]
[EventRounds "9"]
[EventCountry "CAN"]
[SourceTitle "EXT 2007"]
[Source "ChessBase"]
[SourceDate "2006.11.23"]
[SourceVersion "1"]
[SourceVersionDate "2006.11.23"]
[SourceQuality "1"]

1. e4 c5 2. Nc3 Nc6 3. g3 g6 4. Bg2 Bg7 5. Nge2 d6 6. d3 Rb8 7. Be3 Nf6 8. h3 O-O 9. Qd2 Re8 10. O-O b5 11. Nd1 b4 12. Bh6 Bh8 13. Ne3 Nd4 14. f4 Nxe2+ 15. Qxe2 Nh5 16. Qf3 Bxb2 17. f5 Bg7 18. fxg6 fxg6 19. Qf7+ Kh8 20. Bxg7+ Nxg7 21. Qf4 Ne6 22. Qh4 Ng7 23. Rf2 Be6 24. Bf3 Rf8 25. Ng2 Rf6 26. Nf4 Qd7 27. Bg4 Bxg4 28. hxg4 Ne6 29. g5 Nxf4 30. gxf4 Rf7 31. Rh2 Qe6 32. Kg2 Kg8 33. Kg3 d5 34. exd5 Qxd5 35. Qg4 Rbf8 36. Qh3 Qd4 37. Rf1 e5 38. Rhf2 Rf5 39. Kg2 exf4 40. Qf3 Rxg5+ 0-1

[Event "Montreal op"]
[Site "Montreal CAN"]
[Date "2005.07.21"]
[Round "5"]
[White "Gilman, Arkadiy"]
[Black "Rivest, Jean-Michel"]
[Result "1-0"]
[WhiteElo "2113"]
[BlackElo "1921"]
[PlyCount "69"]
[GameId "2160767910901190"]
[EventDate "2005.07.15"]
[EventType "swiss"]
[EventRounds "9"]
[EventCountry "CAN"]
[SourceTitle "EXT 2007"]
[Source "ChessBase"]
[SourceDate "2006.11.23"]
[SourceVersion "1"]
[SourceVersionDate "2006.11.23"]
[SourceQuality "1"]

1. d4 Nf6 2. Nf3 d5 3. c4 c6 4. e3 e6 5. Nbd2 Nbd7 6. Bd3 Bd6 7. O-O O-O 8. e4 dxe4 9. Nxe4 Nxe4 10. Bxe4 Nf6 11. Bc2 b6 12. Bg5 Be7 13. Qd3 g6 14. Rad1 Bb7 15. Rfe1 Qc7 16. Ne5 Rad8 17. Qh3 Nh5 18. Bh6 Ng7 19. Qc3 Bd6 20. Nxc6 Bxc6 21. d5 f6 22. dxc6 Bxh2+ 23. Kh1 Be5 24. Qf3 Bxb2 25. Bxg7 Qxg7 26. Rxe6 Be5 27. g3 Kh8 28. Be4 f5 29. Bd5 Rfe8 30. Rxe8+ Rxe8 31. Re1 Re7 32. Qe3 Bd6 33. Qxe7 Bxe7 34. c7 Qf8 35. Bb7 1-0

[Event "Montreal op"]
[Site "Montreal CAN"]
[Date "2005.07.21"]
[Round "5"]
[White "Jodoin, Pierre"]
[Black "Robidas, Francois"]
[Result "0-1"]
[WhiteElo "1761"]
[BlackElo "2125"]
[PlyCount "80"]
[GameId "2160767910901192"]
[EventDate "2005.07.15"]
[EventType "swiss"]
[EventRounds "9"]
[EventCountry "CAN"]
[SourceTitle "EXT 2007"]
[Source "ChessBase"]
[SourceDate "2006.11.23"]
[SourceVersion "1"]
[SourceVersionDate "2006.11.23"]
[SourceQuality "1"]

1. e4 Nf6 2. e5 Nd5 3. d4 d6 4. Nf3 Bg4 5. Be2 e6 6. O-O Be7 7. c4 Nb6 8. Nc3 O-O 9. Be3 d5 10. c5 N6d7 11. Qb3 b6 12. Rac1 c6 13. Bd3 f6 14. exf6 gxf6 15. Be2 Rf7 16. h3 Bxf3 17. Bxf3 Nf8 18. Na4 b5 19. Nc3 Nbd7 20. Qc2 f5 21. Ne2 Nf6 22. Nf4 Qd7 23. Nd3 Ng6 24. Bg5 Bf8 25. Rce1 Ne4 26. Bf4 Nxf4 27. Nxf4 Bg7 28. Rd1 Kh8 29. Nh5 Bh6 30. Ng3 Rg8 31. Ne2 Qc7 32. Rd3 Rfg7 33. Kh1 Rg6 34. Bxe4 fxe4 35. Rg3 Rxg3 36. Nxg3 Qg7 37. Qc3 Bf4 38. Rg1 Bxg3 39. fxg3 Qxg3 40. Qxg3 Rxg3 0-1

[Event "Montreal op"]
[Site "Montreal CAN"]
[Date "2005.07.21"]
[Round "5"]
[White "Libersan, Thierry"]
[Black "Berube, Antoine"]
[Result "0-1"]
[WhiteElo "2065"]
[BlackElo "2168"]
[PlyCount "86"]
[GameId "2160767910901193"]
[EventDate "2005.07.15"]
[EventType "swiss"]
[EventRounds "9"]
[EventCountry "CAN"]
[SourceTitle "EXT 2007"]
[Source "ChessBase"]
[SourceDate "2006.11.23"]
[SourceVersion "1"]
[SourceVersionDate "2006.11.23"]
[SourceQuality "1"]

1. e4 c5 2. Nf3 d6 3. d4 cxd4 4. Nxd4 Nf6 5. Nc3 a6 6. Bc4 e6 7. Bb3 Nbd7 8. Be3 Nc5 9. f3 b5 10. Qd2 Qc7 11. O-O-O Bb7 12. g4 Nfd7 13. g5 Nxb3+ 14. axb3 b4 15. Na4 d5 16. h4 e5 17. Nf5 d4 18. Nxd4 exd4 19. Bxd4 Bc6 20. h5 Bxa4 21. bxa4 b3 22. h6 Rg8 23. hxg7 Bxg7 24. Bxg7 Rxg7 25. c3 Nc5 26. Qd4 Ne6 27. Qd5 Rb8 28. Rh6 Rd8 29. Qxb3 Qf4+ 30. Kb1 Rxd1+ 31. Qxd1 Qxg5 32. Qh1 Qd2 33. Rxh7 Rg2 34. Qc1 Qd3+ 35. Ka2 Nc5 36. Rh8+ Kd7 37. Rb8 Qc4+ 38. Kb1 Qd3+ 39. Ka2 Nxa4 40. Rb3 Rc2 41. Qf4 Nxc3+ 42. Ka3 Nb5+ 43. Ka2 Qc4 0-1

[Event "Montreal op"]
[Site "Montreal CAN"]
[Date "2005.07.21"]
[Round "5"]
[White "Luksza, Arkadiusz"]
[Black "Robichaud, Louis"]
[Result "1-0"]
[WhiteElo "2173"]
[BlackElo "2158"]
[PlyCount "125"]
[GameId "2160767910901194"]
[EventDate "2005.07.15"]
[EventType "swiss"]
[EventRounds "9"]
[EventCountry "CAN"]
[SourceTitle "EXT 2007"]
[Source "ChessBase"]
[SourceDate "2006.11.23"]
[SourceVersion "1"]
[SourceVersionDate "2006.11.23"]
[SourceQuality "1"]

1. c4 Nf6 2. Nc3 g6 3. e4 d6 4. d4 Bg7 5. Nf3 O-O 6. Be2 e5 7. O-O Nc6 8. d5 Ne7 9. Ne1 Nd7 10. Nd3 f5 11. Bd2 Nf6 12. f3 f4 13. g4 fxg3 14. hxg3 c6 15. Kg2 cxd5 16. cxd5 Bd7 17. Rh1 b5 18. Bg5 Qb6 19. Qd2 b4 20. Nd1 a5 21. b3 Bb5 22. N3b2 Bxe2 23. Qxe2 Rf7 24. Be3 Qb7 25. Nc4 Rd8 26. Rc1 Nfxd5 27. exd5 Qxd5 28. Nd2 Nf5 29. Bb6 Rdf8 30. Ne3 Qa8 31. Nxf5 Rxf5 32. Rhf1 d5 33. g4 R5f7 34. Bc5 Re8 35. Bf2 Bh6 36. Be3 Bg7 37. Bg5 Rd7 38. Rcd1 Qc6 39. Qd3 h6 40. Bh4 g5 41. Bg3 Red8 42. Rc1 Qb7 43. Rfe1 e4 44. fxe4 dxe4 45. Qc4+ Kh8 46. Nxe4 Rd4 47. Qc6 Qf7 48. Nd6 Rd2+ 49. Kh3 Qg6 50. Nf5 Qxc6 51. Rxc6 Bf8 52. Nxh6 Bxh6 53. Rxh6+ Kg7 54. Rh5 R8d5 55. Re7+ Kg8 56. Re5 Rxe5 57. Bxe5 Rxa2 58. Rxg5+ Kf7 59. Bc7 Rb2 60. Bxa5 Rxb3+ 61. Kh4 Rb1 62. Rb5 b3 63. Bc3 1-0

[Event "Montreal op"]
[Site "Montreal CAN"]
[Date "2005.07.21"]
[Round "5"]
[White "Masse, Hugues"]
[Black "Malveau, Cedric"]
[Result "1-0"]
[WhiteElo "2264"]
[BlackElo "1970"]
[PlyCount "125"]
[GameId "2160767910901195"]
[EventDate "2005.07.15"]
[EventType "swiss"]
[EventRounds "9"]
[EventCountry "CAN"]
[SourceTitle "EXT 2007"]
[Source "ChessBase"]
[SourceDate "2006.11.23"]
[SourceVersion "1"]
[SourceVersionDate "2006.11.23"]
[SourceQuality "1"]

1. d4 Nf6 2. c4 e6 3. Nc3 Bb4 4. Qc2 O-O 5. a3 Bxc3+ 6. Qxc3 Ne4 7. Qc2 f5 8. Nf3 b6 9. g3 Bb7 10. Bg2 d6 11. Ng5 Qf6 12. O-O d5 13. Nxe4 dxe4 14. Be3 Nd7 15. f3 exf3 16. exf3 Qf7 17. Rae1 Nf6 18. Bf4 Rac8 19. Be5 Nd7 20. f4 Bxg2 21. Qxg2 Nf6 22. Bxf6 Qxf6 23. Re5 Rcd8 24. Qc6 Rxd4 25. Qxc7 Qf7 26. Qc6 Rd2 27. Rf2 Rxf2 28. Kxf2 Re8 29. b4 Qe7 30. Kg2 Kf7 31. c5 bxc5 32. Qxc5 Qb7+ 33. Kh3 Qf3 34. Qxa7+ Re7 35. Qe3 Qf1+ 36. Kh4 Qd1 37. Qe2 Qd4 38. Kh3 g6 39. Kg2 Ra7 40. Re3 Qa1 41. Qd3 Qa2+ 42. Kh3 Qf2 43. b5 Rc7 44. Qe2 Qxe2 45. Rxe2 Rc3 46. Ra2 Rb3 47. a4 Kf6 48. Kg2 e5 49. a5 Rxb5 50. a6 Rb8 51. a7 Ra8 52. Ra6+ Ke7 53. fxe5 Kd7 54. Kf3 Kc7 55. Kf4 Kb7 56. Ra1 h6 57. h4 Kc7 58. e6 Kd6 59. Ra6+ Ke7 60. Ke5 h5 61. Ra1 f4 62. gxf4 g5 63. hxg5 1-0

[Event "Montreal op"]
[Site "Montreal CAN"]
[Date "2005.07.21"]
[Round "5"]
[White "Nicula, Marius"]
[Black "Carrier, Claude"]
[Result "1-0"]
[WhiteElo "2163"]
[BlackElo "2049"]
[PlyCount "79"]
[GameId "2160767910901196"]
[EventDate "2005.07.15"]
[EventType "swiss"]
[EventRounds "9"]
[EventCountry "CAN"]
[SourceTitle "EXT 2007"]
[Source "ChessBase"]
[SourceDate "2006.11.23"]
[SourceVersion "1"]
[SourceVersionDate "2006.11.23"]
[SourceQuality "1"]

1. Nf3 d5 2. g3 Nf6 3. Bg2 g6 4. b3 Bg7 5. Bb2 c5 6. c4 d4 7. b4 Qb6 8. Qb3 Nc6 9. bxc5 Qxb3 10. axb3 Nd7 11. d3 Nxc5 12. Nbd2 O-O 13. O-O Rd8 14. Rfb1 Nb4 15. Ba3 Nca6 16. Ne1 Rb8 17. Bxb4 Nxb4 18. Rxa7 e5 19. Rb2 Bg4 20. Bf3 Bxf3 21. Nexf3 Na6 22. b4 Bf8 23. c5 f6 24. c6 Nc7 25. b5 Bc5 26. Rxb7 Rxb7 27. cxb7 Rb8 28. Rc2 Bb6 29. Ne4 Rxb7 30. Nxf6+ Kg7 31. Nd7 Nxb5 32. Nxb6 Rxb6 33. Nxe5 Re6 34. Nf3 Kf6 35. Kf1 g5 36. g4 Ra6 37. Rc4 h6 38. Nd2 Ke6 39. Ne4 Kd5 40. Rc5+ 1-0